[Event "Rhein Main op-B 19th"]
[Site "Bad Homburg"]
[Date "2016.05.28"]
[Round "6"]
[White "Fuchs Bischoff, Klaus Dieter"]
[Black "Hapke, Marvin"]
[Result "1-0"]
[WhiteElo "1597"]
[BlackElo "1203"]
[PlyCount "55"]
[EventDate "2016.05.25"]
[EventType "swiss"]
[EventRounds "7"]
[EventCountry "GER"]
[SourceTitle "EXT 2017"]
[Source "ChessBase"]
[SourceDate "2016.10.25"]
[SourceVersion "1"]
[SourceVersionDate "2016.10.25"]
[SourceQuality "1"]

1. b4 e5 2. Bb2 Bxb4 3. Bxe5 Nf6 4. Nf3 0-0 5. e3 d5 6. Bb2 c5 7. c3 Ba5 8. Be2 Bc7 9. 0-0 Bg4 10. d4 cxd4 11. cxd4 Qd6 12. Nbd2 Ne4 13. Ne5 Be6 14. Ndf3 h5 15. a4 h4 16. Ba3 Qd8 17. Bxf8 Kxf8 18. Re1 h3 19. g3 Qf6 20. Rf1 Qf5 21. Nh4 Qg5 22. f4 Qf6 23. Bg4 Nc6 24. Bxe6 Qxe6 25. Qh5 Ke7 26. Nf5+ Kd8 27. Nxg7 Qf6 28. Qh8+ 1-0

[Event "Rhein Main op-B 19th"]
[Site "Bad Homburg"]
[Date "2016.05.26"]
[Round "2"]
[White "Fuchs Bischoff, Klaus Dieter"]
[Black "Brunner, Andreas"]
[Result "1/2-1/2"]
[WhiteElo "1597"]
[BlackElo "1379"]
[PlyCount "72"]
[EventDate "2016.05.25"]
[EventType "swiss"]
[EventRounds "7"]
[EventCountry "GER"]
[SourceTitle "EXT 2017"]
[Source "ChessBase"]
[SourceDate "2016.10.25"]
[SourceVersion "1"]
[SourceVersionDate "2016.10.25"]
[SourceQuality "1"]

1. b4 Nf6 2. Bb2 e6 3. a3 b6 4. Nf3 Bb7 5. e3 d6 6. d4 Be7 7. Nbd2 Nbd7 8. Rc1 Rc8 9. Bd3 a6 10. Qe2 Ra8 11. 0-0 0-0 12. Nb3 Re8 13. Rfe1 Ra7 14. c4 c5 15. dxc5 dxc5 16. bxc5 bxc5 17. Red1 Qc7 18. h3 Rb8 19. Qc2 Bxf3 20. gxf3 Rab7 21. Bxf6 Nxf6 22. Rb1 Bd6 23. Nd2 Rxb1 24. Rxb1 Rxb1+ 25. Qxb1 g6 26. Ne4 Nxe4 27. Bxe4 Qb8 28. Qxb8+ Bxb8 29. f4 a5 30. a4 Kg7 31. Kg2 Kf6 32. Kf3 e5 33. fxe5+ Kxe5 34. Bd5 Kf6 35. Kg4 h6 36. Kf3 Bc7 1/2-1/2

[Event "Rhein Main op-B 19th"]
[Site "Bad Homburg"]
[Date "2016.05.26"]
[Round "3"]
[White "Helmich, Nikolai"]
[Black "Fuchs Bischoff, Klaus Dieter"]
[Result "1/2-1/2"]
[WhiteElo "1331"]
[BlackElo "1597"]
[PlyCount "21"]
[EventDate "2016.05.25"]
[EventType "swiss"]
[EventRounds "7"]
[EventCountry "GER"]
[SourceTitle "EXT 2017"]
[Source "ChessBase"]
[SourceDate "2016.10.25"]
[SourceVersion "1"]
[SourceVersionDate "2016.10.25"]
[SourceQuality "1"]

1. c4 Nf6 2. Nc3 c6 3. g3 e6 4. Bg2 d5 5. d3 Bb4 6. Bd2 d4 7. Ne4 Bxd2+ 8. Nxd2 0-0 9. Ngf3 Re8 10. 0-0 e5 11. Re1 1/2-1/2

[Event "Rhein Main op-B 18th"]
[Site "Bad Homburg"]
[Date "2015.06.06"]
[Round "6"]
[White "Fuchs Bischoff, Klaus Dieter"]
[Black "Dietz, Heinz"]
[Result "1/2-1/2"]
[WhiteElo "1615"]
[BlackElo "1326"]
[PlyCount "108"]
[EventDate "2015.06.03"]
[EventType "swiss"]
[EventRounds "7"]
[EventCountry "GER"]
[SourceTitle "CBM 167 Extra"]
[Source "ChessBase"]
[SourceDate "2015.09.14"]
[SourceVersion "1"]
[SourceVersionDate "2015.09.14"]
[SourceQuality "1"]

1. b4 e6 2. Bb2 Nf6 3. a3 d5 4. Nf3 Nbd7 5. e3 a6 6. c4 dxc4 7. Bxc4 b5 8. Bb3 Bb7 9. 0-0 Bd5 10. Nc3 Bc4 11. d3 Bxb3 12. Qxb3 c6 13. Ng5 Nd5 14. Nxd5 cxd5 15. Nf3 Qc7 16. Rac1 Qb7 17. Rc2 Rc8 18. Rfc1 Rxc2 19. Rxc2 f6 20. Qc3 Nb6 21. Qc6+ Qxc6 22. Rxc6 Nd7 23. Rxe6+ Kf7 24. Rxa6 Be7 25. Rc6 Rb8 26. Kf1 Rb6 27. Rxb6 Nxb6 28. Nd4 Bd6 29. Nxb5 Bb8 30. Bc1 Nd7 31. h3 Ne5 32. Ke2 Ke6 33. f4 Nf7 34. Nd4+ Kd6 35. Bb2 g6 36. Nf3 Ke7 37. Nd4 Kd7 38. Nb5 f5 39. Nc3 Kc6 40. Na4 Ba7 41. Kf3 Nd8 42. Nc3 d4 43. exd4 Bxd4 44. Nd1 Ne6 45. Nc3 Bxc3 46. Bxc3 Kb5 47. g3 Ka4 48. d4 Kb3 49. d5 Nd8 50. Bd4 Kxa3 51. b5 Kb4 52. b6 Kc4 53. Be3 Kxd5 54. b7 Nxb7 1/2-1/2

[Event "Rhein Main op-B 18th"]
[Site "Bad Homburg"]
[Date "2015.06.06"]
[Round "5"]
[White "Ziegler, Lars"]
[Black "Fuchs Bischoff, Klaus Dieter"]
[Result "1-0"]
[WhiteElo "1305"]
[BlackElo "1615"]
[PlyCount "57"]
[EventDate "2015.06.03"]
[EventType "swiss"]
[EventRounds "7"]
[EventCountry "GER"]
[SourceTitle "CBM 167 Extra"]
[Source "ChessBase"]
[SourceDate "2015.09.14"]
[SourceVersion "1"]
[SourceVersionDate "2015.09.14"]
[SourceQuality "1"]

1. e4 e6 2. d4 d5 3. Nd2 dxe4 4. Nxe4 Nd7 5. Nf3 Ngf6 6. Ng3 Be7 7. Bd3 b6 8. 0-0 Bb7 9. b3 0-0 10. Bb2 Rc8 11. c4 c5 12. Bc2 cxd4 13. Bxd4 Bc5 14. Bxc5 Nxc5 15. Qe2 Qc7 16. Rad1 Rfd8 17. Rfe1 Rxd1 18. Rxd1 Rd8 19. Rxd8+ Qxd8 20. Ne5 Qd4 21. Qd1 Qxd1+ 22. Bxd1 Nfe4 23. Nxe4 Nxe4 24. Bf3 Nd6 25. Bxb7 Nxb7 26. Kf1 Nd6 27. f3 Kf8 28. Ke2 Ke7 29. Nc6+ 1-0

[Event "Karl Mala Memorial op-B 17th"]
[Site "Frankfurt"]
[Date "2014.08.02"]
[Round "4"]
[White "Fuchs Bischoff, Klaus Dieter"]
[Black "Kolb, Tobias"]
[Result "1-0"]
[WhiteElo "1615"]
[BlackElo "1167"]
[PlyCount "81"]
[EventDate "2014.07.31"]
[EventType "swiss"]
[EventRounds "7"]
[EventCountry "GER"]
[SourceTitle "EXT 2015"]
[Source "ChessBase"]
[SourceDate "2014.11.20"]
[SourceVersion "1"]
[SourceVersionDate "2014.11.20"]
[SourceQuality "1"]

1. b4 e6 2. Bb2 d5 3. Nf3 Bxb4 4. Bxg7 f6 5. Bxh8 Qe7 6. c3 Bd6 7. Qa4+ Bd7 8. Qg4 Qf8 9. Qh5+ Qf7 10. Qxf7+ Kxf7 11. Bxf6 Nxf6 12. e3 Nc6 13. g3 e5 14. a4 e4 15. Nd4 Ne5 16. Be2 a6 17. Na3 Bxa4 18. c4 Bd7 19. Nab5 dxc4 20. Nxd6+ cxd6 21. 0-0 Bh3 22. Rfb1 Ra7 23. Nb5 Ra8 24. Nxd6+ Ke6 25. Nxc4 Nf3+ 26. Bxf3 exf3 27. Rb6+ Kf5 28. Ra5+ Kg6 29. Ne5+ Kg7 30. Rxb7+ Kh6 31. Nxf3 Rc8 32. Rb1 Rc6 33. Rba1 Rc7 34. Rxa6 Kg6 35. Nh4+ Kg5 36. Ng2 Ne4 37. Nf4 Bf5 38. d4 Re7 39. Kg2 h5 40. h4+ Kg4 41. f3# 1-0

[Event "Karl Mala Memorial op-B 17th"]
[Site "Frankfurt"]
[Date "2014.08.01"]
[Round "3"]
[White "Hartel, Sandro"]
[Black "Fuchs Bischoff, Klaus Dieter"]
[Result "1-0"]
[WhiteElo "1348"]
[BlackElo "1615"]
[PlyCount "45"]
[EventDate "2014.07.31"]
[EventType "swiss"]
[EventRounds "7"]
[EventCountry "GER"]
[SourceTitle "EXT 2015"]
[Source "ChessBase"]
[SourceDate "2014.11.20"]
[SourceVersion "1"]
[SourceVersionDate "2014.11.20"]
[SourceQuality "1"]

1. e4 e6 2. d4 d5 3. exd5 exd5 4. Bd3 Nf6 5. Nf3 Be7 6. 0-0 0-0 7. Re1 Bg4 8. Bg5 Nbd7 9. Nc3 c6 10. Re3 Re8 11. h3 Bh5 12. g4 Nxg4 13. hxg4 Bxg4 14. Bxe7 Rxe7 15. Rxe7 Qxe7 16. Qe2 Qb4 17. Bxh7+ Kh8 18. Kg2 Bxf3+ 19. Qxf3 Nf6 20. Rh1 Qxd4 21. Qh3 Qg4+ 22. Qxg4 Nxg4 23. Bf5+ 1-0

[Event "Rhein Main op-B 17th"]
[Site "Bad Homburg"]
[Date "2014.06.22"]
[Round "7"]
[White "Fuchs Bischoff, Klaus Dieter"]
[Black "Eckert, Lutz"]
[Result "1/2-1/2"]
[WhiteElo "1617"]
[BlackElo "1380"]
[PlyCount "45"]
[EventDate "2014.06.18"]
[EventType "swiss"]
[EventRounds "9"]
[EventCountry "GER"]
[SourceTitle "CBM 161 Extra"]
[Source "ChessBase"]
[SourceDate "2014.08.29"]
[SourceVersion "1"]
[SourceVersionDate "2014.08.29"]
[SourceQuality "1"]

1. Nf3 d5 2. d4 e6 3. c4 Nf6 4. Nc3 dxc4 5. e3 Nbd7 6. Bxc4 Be7 7. Bd2 0-0 8. 0-0 a6 9. a3 b5 10. Be2 Bb7 11. Rc1 Rc8 12. Na2 c5 13. dxc5 Nxc5 14. Bb4 Nd5 15. h3 Nxb4 16. Nxb4 Na4 17. Nd3 Bf6 18. Rxc8 Qxc8 19. Qb3 Qc4 20. Qxc4 bxc4 21. Nde5 Bxf3 22. Nxf3 Bxb2 23. Bxc4 1/2-1/2

[Event "Rhein Main op-B 17th"]
[Site "Bad Homburg"]
[Date "2014.06.21"]
[Round "6"]
[White "Pyshny, Anton"]
[Black "Fuchs Bischoff, Klaus Dieter"]
[Result "0-1"]
[WhiteElo "911"]
[BlackElo "1617"]
[PlyCount "80"]
[EventDate "2014.06.18"]
[EventType "swiss"]
[EventRounds "9"]
[EventCountry "GER"]
[SourceTitle "CBM 161 Extra"]
[Source "ChessBase"]
[SourceDate "2014.08.29"]
[SourceVersion "1"]
[SourceVersionDate "2014.08.29"]
[SourceQuality "1"]

1. e4 e6 2. d4 d5 3. e5 c5 4. Nf3 Nc6 5. c3 Qb6 6. Be2 Bd7 7. 0-0 cxd4 8. cxd4 Nge7 9. Nc3 a6 10. b3 Nf5 11. Be3 Rc8 12. Qd2 Bb4 13. Rfc1 0-0 14. Na4 Bxd2 15. Nxb6 Bxc1 16. Rxc1 Rcd8 17. Nxd7 Rxd7 18. Bd3 Nxe3 19. fxe3 Rc8 20. a3 Rdc7 21. Kf2 Nxe5 22. Rxc7 Nxd3+ 23. Ke2 Nf4+ 24. exf4 Rxc7 25. Kd2 f6 26. g4 b5 27. h4 a5 28. g5 b4 29. a4 Rc3 30. Ke2 Rxb3 31. gxf6 Rxf3 32. Kxf3 b3 33. fxg7 b2 34. h5 Kxg7 35. Kg4 Kf6 36. h6 b1R 37. Kh5 Kf5 38. Kh4 Kxf4 39. Kh3 Rb2 40. Kh4 Rh2# 0-1

[Event "Rhein Main op-B 16th"]
[Site "Bad Homburg"]
[Date "2013.06.02"]
[Round "7"]
[White "Fuchs Bischoff, Klaus Dieter"]
[Black "Lochmann, Tobias"]
[Result "1-0"]
[WhiteElo "1625"]
[BlackElo "678"]
[PlyCount "43"]
[EventDate "2013.05.29"]
[EventType "swiss"]
[EventRounds "7"]
[EventCountry "GER"]
[SourceTitle "EXT 2014"]
[Source "ChessBase"]
[SourceDate "2013.11.20"]
[SourceVersion "1"]
[SourceVersionDate "2013.11.20"]
[SourceQuality "1"]

1. b4 b5 2. Bb2 Nc6 3. a3 d5 4. g3 e5 5. Bg2 Be6 6. d3 Bd6 7. Nc3 Nd4 8. Nxd5 Qd7 9. Nxc7+ Qxc7 10. Bxa8 Nxc2+ 11. Kf1 Nxa1 12. Qxa1 Bd5 13. Bxd5 Nf6 14. Bb3 Qc6 15. f3 e4 16. Bxf6 Rg8 17. Qc3 Qd7 18. Be5 Qh3+ 19. Nxh3 Bxe5 20. Qxe5+ Kf8 21. Ng5 f6 22. Nxh7# 1-0

[Event "Rhein Main op-B 16th"]
[Site "Bad Homburg"]
[Date "2013.05.31"]
[Round "4"]
[White "Greulich, Jan"]
[Black "Fuchs Bischoff, Klaus Dieter"]
[Result "1-0"]
[WhiteElo "1910"]
[BlackElo "1625"]
[PlyCount "25"]
[EventDate "2013.05.29"]
[EventType "swiss"]
[EventRounds "7"]
[EventCountry "GER"]
[SourceTitle "EXT 2014"]
[Source "ChessBase"]
[SourceDate "2013.11.20"]
[SourceVersion "1"]
[SourceVersionDate "2013.11.20"]
[SourceQuality "1"]

1. e4 e6 2. d4 d5 3. Nc3 dxe4 4. Nxe4 Nd7 5. Nf3 Ngf6 6. Bd3 Be7 7. c3 h6 8. h3 b6 9. Nxf6+ Nxf6 10. Ne5 0-0 11. g4 Bb7 12. Rg1 Bd6 13. g5 1-0

[Event "Rhein Main op-B 16th"]
[Site "Bad Homburg"]
[Date "2013.05.30"]
[Round "2"]
[White "Krischak, Werner"]
[Black "Fuchs Bischoff, Klaus Dieter"]
[Result "1-0"]
[WhiteElo "1773"]
[BlackElo "1625"]
[PlyCount "61"]
[EventDate "2013.05.29"]
[EventType "swiss"]
[EventRounds "7"]
[EventCountry "GER"]
[SourceTitle "EXT 2014"]
[Source "ChessBase"]
[SourceDate "2013.11.20"]
[SourceVersion "1"]
[SourceVersionDate "2013.11.20"]
[SourceQuality "1"]

1. d4 d5 2. c4 e6 3. Nc3 Bb4 4. Nf3 Nf6 5. Bg5 c6 6. e3 Nbd7 7. Bd3 h6 8. Bh4 g5 9. Bg3 Bxc3+ 10. bxc3 dxc4 11. Bxc4 Ne4 12. Qc2 Qa5 13. Rc1 Nxg3 14. hxg3 Nb6 15. Bb3 Ke7 16. Ke2 Bd7 17. e4 Rag8 18. Rh5 f6 19. Rch1 Rg6 20. g4 e5 21. Nh2 exd4 22. cxd4 Qb5+ 23. Ke1 Qb4+ 24. Qd2 Qxd2+ 25. Kxd2 Be6 26. f3 Nc4+ 27. Kd3 Nd6 28. Nf1 Ne8 29. Ne3 Bxb3 30. Nf5+ Kd7 31. axb3 1-0

[Event "Rhein Main op-B 15th"]
[Site "Bad Homburg"]
[Date "2012.06.07"]
[Round "3"]
[White "Fuchs Bischoff, Klaus Dieter"]
[Black "Zoufal, Sven"]
[Result "1/2-1/2"]
[WhiteElo "1639"]
[BlackElo "1263"]
[PlyCount "37"]
[EventDate "2012.06.06"]
[EventType "swiss"]
[EventRounds "7"]
[EventCountry "GER"]
[SourceTitle "EXT 2013"]
[Source "ChessBase"]
[SourceDate "2012.11.22"]
[SourceVersion "1"]
[SourceVersionDate "2012.11.22"]
[SourceQuality "1"]

1. Nf3 Nf6 2. d4 e6 3. c4 c5 4. e3 d5 5. cxd5 exd5 6. Bb5+ Nc6 7. Ne5 Bd7 8. Nxd7 Qxd7 9. dxc5 Bxc5 10. 0-0 0-0 11. Nd2 a6 12. Ba4 b5 13. Bc2 Rfd8 14. Nf3 Rac8 15. Nd4 Nxd4 16. exd4 Bxd4 17. Bxh7+ Kxh7 18. Qxd4 Kg8 19. Bg5 1/2-1/2

[Event "Rhein Main op-B 15th"]
[Site "Bad Homburg"]
[Date "2012.06.06"]
[Round "1"]
[White "Fuchs Bischoff, Klaus Dieter"]
[Black "Lochmann, Tobias"]
[Result "1-0"]
[WhiteElo "1639"]
[BlackElo "723"]
[PlyCount "49"]
[EventDate "2012.06.06"]
[EventType "swiss"]
[EventRounds "7"]
[EventCountry "GER"]
[SourceTitle "EXT 2013"]
[Source "ChessBase"]
[SourceDate "2012.11.22"]
[SourceVersion "1"]
[SourceVersionDate "2012.11.22"]
[SourceQuality "1"]

1. b4 d5 2. Bb2 f6 3. e3 Nd7 4. Qh5+ g6 5. Qxd5 Bg7 6. Nf3 c6 7. Qb3 Ne5 8. Nxe5 fxe5 9. Bc4 Nh6 10. Nc3 Bd7 11. a4 Qc7 12. b5 0-0-0 13. a5 b6 14. axb6 Qxb6 15. Ra6 Qb7 16. bxc6 Qc7 17. cxd7+ Qxd7 18. Be6 Qxe6 19. Qxe6+ Kb8 20. Qb3+ Kc8 21. Rxa7 Rd7 22. Qe6 Rhd8 23. Nd5 Nf5 24. Qc6+ Kb8 25. Ra8# 1-0

[Event "Rhein Main op-B 14th"]
[Site "Bad Homburg"]
[Date "2011.06.25"]
[Round "5"]
[White "Velkin, Elina"]
[Black "Fuchs Bischoff, Klaus Dieter"]
[Result "1-0"]
[WhiteElo "1337"]
[BlackElo "1629"]
[PlyCount "65"]
[EventDate "2011.06.22"]
[EventType "swiss"]
[EventRounds "7"]
[EventCountry "GER"]
[SourceTitle "EXT 2012"]
[Source "ChessBase"]
[SourceDate "2011.11.24"]
[SourceVersion "1"]
[SourceVersionDate "2011.11.24"]
[SourceQuality "1"]

1. e4 e6 2. d4 d5 3. e5 c5 4. c3 Nc6 5. Nf3 Qb6 6. Be2 cxd4 7. cxd4 Bb4+ 8. Nc3 Nge7 9. 0-0 0-0 10. a3 Bxc3 11. bxc3 Bd7 12. Bd2 Rfc8 13. Rb1 Qc7 14. Qc2 g6 15. Bg5 Nf5 16. Bd3 Ncxd4 17. Nxd4 Nxd4 18. Qd1 Nc6 19. f4 b6 20. Bf6 Qb8 21. Qg4 Rc7 22. f5 exf5 23. Bxf5 Bxf5 24. Rxf5 Qc8 25. Rg5 Qxg4 26. Rxg4 Na5 27. Rc1 Rac8 28. Rd1 Rxc3 29. Rxd5 Rxa3 30. Rgd4 h5 31. Rd8+ Rxd8 32. Rxd8+ Kh7 33. Rh8# 1-0

[Event "Karl Mala Memorial op 13th"]
[Site "Frankfurt"]
[Date "2010.07.10"]
[Round "5"]
[White "Fuchs Bischoff, Klaus Dieter"]
[Black "Mook, Karl Juergen"]
[Result "1/2-1/2"]
[WhiteElo "1617"]
[BlackElo "1243"]
[PlyCount "47"]
[EventDate "2010.07.08"]
[EventType "swiss"]
[EventRounds "7"]
[EventCountry "GER"]
[SourceTitle "EXT 2012"]
[Source "ChessBase"]
[SourceDate "2011.11.24"]
[SourceVersion "1"]
[SourceVersionDate "2011.11.24"]
[SourceQuality "1"]

1. Nf3 c5 2. c3 b6 3. d4 e6 4. Bg5 Be7 5. Bxe7 Qxe7 6. e3 Nf6 7. Nbd2 0-0 8. Be2 Nc6 9. 0-0 cxd4 10. cxd4 Bb7 11. a3 Rfe8 12. Rc1 Rac8 13. Re1 e5 14. dxe5 Nxe5 15. Nxe5 Qxe5 16. Nc4 Qg5 17. Bf3 Bxf3 18. Qxf3 Qc5 19. Qd1 Re6 20. Nd2 Qxc1 21. Qxc1 Rxc1 22. Rxc1 Rc6 23. Rxc6 dxc6 24. e4 1/2-1/2

[Event "Karl Mala Memorial op 13th"]
[Site "Frankfurt"]
[Date "2010.07.08"]
[Round "1"]
[White "Fuchs Bischoff, Klaus Dieter"]
[Black "Krauss, Josef"]
[Result "0-1"]
[WhiteElo "1617"]
[BlackElo "2118"]
[PlyCount "30"]
[EventDate "2010.07.08"]
[EventType "swiss"]
[EventRounds "7"]
[EventCountry "GER"]
[SourceTitle "EXT 2012"]
[Source "ChessBase"]
[SourceDate "2011.11.24"]
[SourceVersion "1"]
[SourceVersionDate "2011.11.24"]
[SourceQuality "1"]

1. Nf3 d5 2. d4 Nf6 3. c4 c6 4. Nc3 dxc4 5. a4 Bf5 6. e3 e6 7. Bxc4 Bb4 8. 0-0 0-0 9. Qb3 Qe7 10. Ne5 c5 11. Nf3 Nc6 12. d5 Na5 13. Qa2 Nxc4 14. Qxc4 Bxc3 15. d6 Qxd6 0-1

[Event "Rhein Main op 13th"]
[Site "Bad Homburg"]
[Date "2010.06.03"]
[Round "2"]
[White "Will, Dominik"]
[Black "Fuchs Bischoff, Klaus Dieter"]
[Result "1-0"]
[WhiteElo "1969"]
[BlackElo "1634"]
[PlyCount "39"]
[EventDate "2010.06.02"]
[EventType "swiss"]
[EventRounds "7"]
[EventCountry "GER"]
[SourceTitle "EXT 2011"]
[Source "ChessBase"]
[SourceDate "2010.11.26"]
[SourceVersion "1"]
[SourceVersionDate "2010.11.26"]
[SourceQuality "1"]

1. d4 d5 2. c4 c6 3. Nf3 Nf6 4. e3 Bg4 5. Qb3 Qb6 6. Ne5 Qxb3 7. axb3 e6 8. Nxg4 Nxg4 9. h3 Nf6 10. Nc3 Nbd7 11. f4 Be7 12. c5 a6 13. b4 0-0 14. Bd3 Nh5 15. 0-0 Ng3 16. Rf3 Bh4 17. Bd2 Nf6 18. Be1 Nfh5 19. Kh2 f5 20. Ne2 1-0

[Event "Karl Mala Memorial op 12th"]
[Site "Frankfurt"]
[Date "2009.07.19"]
[Round "6"]
[White "Naneder, Maximilian"]
[Black "Fuchs Bischoff, Klaus Dieter"]
[Result "1/2-1/2"]
[WhiteElo "1253"]
[BlackElo "1619"]
[PlyCount "63"]
[EventDate "2009.07.16"]
[EventType "swiss"]
[EventRounds "7"]
[EventCountry "GER"]
[SourceTitle "EXT 2010"]
[Source "ChessBase"]
[SourceDate "2010.11.25"]
[SourceVersion "1"]
[SourceVersionDate "2010.11.25"]
[SourceQuality "1"]

1. e4 e6 2. d4 d5 3. Nc3 dxe4 4. Nxe4 Nd7 5. Nf3 Ngf6 6. Bg5 Be7 7. Nxf6+ Nxf6 8. Bd3 h6 9. Bh4 b6 10. 0-0 Bb7 11. Bb5+ c6 12. Ba4 0-0 13. Re1 a5 14. c3 Rc8 15. Ne5 b5 16. Bc2 Nd5 17. Qd3 f5 18. Bxe7 Nxe7 19. Re2 Nd5 20. g3 Qd6 21. Rae1 Rf6 22. Bb3 a4 23. Bc2 Nc7 24. b3 axb3 25. Bxb3 Re8 26. Rc1 Rd8 27. Qc2 c5 28. dxc5 Qxc5 29. Rce1 Kh7 30. Ng4 Rg6 31. Ne5 Rf6 32. Ng4 1/2-1/2

[Event "Karl Mala Memorial op 12th"]
[Site "Frankfurt"]
[Date "2009.07.17"]
[Round "3"]
[White "Fuchs Bischoff, Klaus Dieter"]
[Black "Tischer, Marcel"]
[Result "1/2-1/2"]
[WhiteElo "1619"]
[BlackElo "1187"]
[PlyCount "50"]
[EventDate "2009.07.16"]
[EventType "swiss"]
[EventRounds "7"]
[EventCountry "GER"]
[SourceTitle "EXT 2010"]
[Source "ChessBase"]
[SourceDate "2010.11.25"]
[SourceVersion "1"]
[SourceVersionDate "2010.11.25"]
[SourceQuality "1"]

1. b4 d5 2. Bb2 Bf5 3. a3 Nf6 4. Nf3 e6 5. e3 c5 6. Bb5+ Nbd7 7. Nh4 Bg6 8. Nxg6 hxg6 9. c3 a6 10. Be2 c4 11. d3 b5 12. Nd2 Nb6 13. dxc4 bxc4 14. a4 Qc7 15. g3 a5 16. b5 Bd6 17. f4 Nfd7 18. Nf3 Bc5 19. Nd4 Nf6 20. Bf3 Kd7 21. Qc2 Ne8 22. Kd2 Nd6 23. Rae1 f5 24. Nc6 Rh6 25. h4 Nbc8 1/2-1/2

[Event "Main Vogelsberg op 4th"]
[Site "Heusenstamm"]
[Date "2009.05.03"]
[Round "6"]
[White "Schnell, Frederik"]
[Black "Fuchs Bischoff, Klaus Dieter"]
[Result "0-1"]
[WhiteElo "798"]
[BlackElo "1467"]
[PlyCount "46"]
[EventDate "2009.04.30"]
[EventType "swiss"]
[EventRounds "7"]
[EventCountry "GER"]
[SourceTitle "CBM 130 Extra"]
[Source "ChessBase"]
[SourceDate "2009.07.02"]
[SourceVersion "2"]
[SourceVersionDate "2009.07.15"]
[SourceQuality "1"]

1. d4 d5 2. c4 c6 3. Nc3 Nf6 4. Nf3 e6 5. Bg5 Nbd7 6. Ne5 Be7 7. e3 Nxe5 8. dxe5 Nd7 9. Bxe7 Qxe7 10. Be2 Nxe5 11. Qb3 0-0 12. 0-0 b6 13. Rfd1 Ba6 14. e4 Bxc4 15. Bxc4 Nxc4 16. Re1 Nd2 17. Qa4 Qg5 18. Re3 Nc4 19. Rg3 Qd2 20. Rb1 Nxb2 21. Qxc6 Rac8 22. Qd6 Rxc3 23. Qe5 Rc1+ 0-1

[Event "Karl Mala Memorial op 11th"]
[Site "Frankfurt"]
[Date "2008.06.29"]
[Round "6"]
[White "Fuchs Bischoff, Klaus Dieter"]
[Black "Hoepfner, Tim"]
[Result "1/2-1/2"]
[WhiteElo "1444"]
[BlackElo "1779"]
[PlyCount "49"]
[EventDate "2008.06.26"]
[EventType "swiss"]
[EventRounds "7"]
[EventCountry "GER"]
[SourceTitle "CBM 125 Extra"]
[Source "ChessBase"]
[SourceDate "2008.09.01"]
[SourceVersion "1"]
[SourceVersionDate "2008.09.01"]
[SourceQuality "1"]

1. Nf3 Nf6 2. d4 g6 3. c4 Bg7 4. Nc3 0-0 5. Bd2 d6 6. e3 Nfd7 7. Be2 e5 8. 0-0 Kh8 9. Qc2 f5 10. dxe5 dxe5 11. Rfd1 Nc6 12. a3 e4 13. Ne1 Nce5 14. Rac1 c6 15. g3 Qf6 16. Ng2 g5 17. b4 Qh6 18. Nb1 Rf6 19. Bc3 Qh3 20. Nd2 Rh6 21. Nf1 b6 22. Qb2 Re6 23. Rd2 Qh6 24. Rcd1 Bf6 25. Rd6 1/2-1/2